[Event "Quebec op"]
[Site "Montreal CAN"]
[Date "2023.08.01"]
[Round "5.19"]
[White "Enkh-Amar, Galbadrakh"]
[Black "Turcotte, Jonathan"]
[Result "1-0"]
[WhiteElo "2130"]
[BlackElo "1921"]
[PlyCount "111"]
[EventDate "2023.07.29"]
[EventType "swiss"]
[EventRounds "9"]
[EventCountry "CAN"]

1. e4 c5 2. Nf3 Nc6 3. d4 cxd4 4. Nxd4 g6 5. Nc3 Bg7 6. Be3 Nf6 7. Bc4 O-O 8.
Bb3 Re8 9. O-O d6 10. h3 Na5 11. f4 Nxb3 12. axb3 a6 13. Qf3 Qc7 14. b4 Bd7 15.
Rae1 Rac8 16. e5 dxe5 17. fxe5 Qxe5 18. Qxb7 Qd6 19. Rd1 Rb8 20. Qa7 Ra8 21.
Qc5 Rac8 22. Qxd6 exd6 23. Bf4 d5 24. Nb3 Ne4 25. Nxe4 Rxe4 26. Nc5 Bb5 27.
Nxe4 dxe4 28. Rf2 Bxb2 29. c4 Ba4 30. Rxb2 Bxd1 31. b5 axb5 32. cxb5 g5 33.
Bxg5 Rb8 34. b6 Rb7 35. Bf4 f5 36. Kf2 Ba4 37. Bc7 Kf7 38. Ke3 Bd7 39. Rd2 Be6
40. Kf4 h6 41. Rd8 Kg6 42. h4 Kf6 43. g3 Kg6 44. Rd6 Kf6 45. Rc6 h5 46. Rd6 Ke7
47. Rd8 Kf6 48. Rd6 Ke7 49. Ke5 Bd7 50. Rd2 Be6 51. Re2 Bd7 52. Re3 Be6 53. Ra3
Bd7 54. Ra8 Be6 55. Bd6+ Kd7 56. Ra7 1-0

[Event "Quebec op"]
[Site "Montreal CAN"]
[Date "2023.08.01"]
[Round "5.20"]
[White "Peloquin, Charli"]
[Black "Jiang, Barron Jiyu"]
[Result "0-1"]
[WhiteElo "1791"]
[BlackElo "1764"]
[PlyCount "70"]
[EventDate "2023.07.29"]
[EventType "swiss"]
[EventRounds "9"]
[EventCountry "CAN"]

1. e4 c5 2. Nf3 d6 3. d4 cxd4 4. Nxd4 Nf6 5. Nc3 a6 6. Rg1 b5 7. a4 b4 8. Nd5
Nxd5 9. exd5 g6 10. g4 Bg7 11. Bg2 Bb7 12. a5 O-O 13. Qd2 e6 14. dxe6 Bxg2 15.
exf7+ Rxf7 16. Rxg2 Qf6 17. Ne2 Nc6 18. Kf1 Re8 19. f4 Qh4 20. Qd3 Nd4 21. Bd2
Nxe2 22. Rxe2 Rxe2 23. Qxe2 Be5 24. Kg1 Bxf4 25. Bxf4 Rxf4 26. Qe6+ Kg7 27. Rf1
Qxg4+ 28. Qxg4 Rxg4+ 29. Kh1 Rc4 30. Rd1 Rc6 31. Rd4 Rxc2 32. Rxb4 d5 33. Rb6
d4 34. b4 d3 35. Rd6 d2 0-1

[Event "Quebec op"]
[Site "Montreal CAN"]
[Date "2023.08.02"]
[Round "6.2"]
[White "Zhu, Hong Rui"]
[Black "Bruzon Batista, Lazaro"]
[Result "0-1"]
[WhiteElo "2176"]
[BlackElo "2609"]
[PlyCount "80"]
[EventDate "2023.07.29"]
[EventType "swiss"]
[EventRounds "9"]
[EventCountry "CAN"]

1. e4 c5 2. Nf3 d6 3. d4 cxd4 4. Nxd4 Nf6 5. Nc3 a6 6. h3 e5 7. Nde2 h5 8. g3
Nbd7 9. Bg2 b5 10. Bg5 Be7 11. Nd5 Nxd5 12. Qxd5 Rb8 13. Bxe7 Kxe7 14. Qd2 Nf6
15. O-O Qb6 16. Nc3 Be6 17. Nd1 Rbc8 18. Ne3 Rhd8 19. a3 a5 20. Kh2 Kf8 21.
Rfd1 Qc7 22. Qe2 Rb8 23. Bf3 Kg8 24. Bg2 b4 25. Qd3 h4 26. axb4 Rxb4 27. Qc3
hxg3+ 28. Kxg3 Qb6 29. Bf3 Nxe4+ 30. Bxe4 Rxe4 31. Qxa5 Rxe3+ 32. fxe3 Qxe3+
33. Kg2 Rc8 34. Rd2 Rc4 35. Rh1 Kh7 36. Kf1 Rf4+ 37. Kg2 Bf5 38. Qc3 Be4+ 39.
Kh2 Rf2+ 40. Kg1 Qe1# 0-1

[Event "Quebec op"]
[Site "Montreal CAN"]
[Date "2023.08.02"]
[Round "6.3"]
[White "Rozentalis, Eduardas"]
[Black "Zhang, Chu Hang"]
[Result "1-0"]
[WhiteElo "2496"]
[BlackElo "1953"]
[PlyCount "57"]
[EventDate "2023.07.29"]
[EventType "swiss"]
[EventRounds "9"]
[EventCountry "CAN"]

1. e4 e5 2. Nf3 Nc6 3. Bb5 a6 4. Bxc6 dxc6 5. d3 Qd6 6. Be3 c5 7. Nbd2 Be6 8.
Ng5 b6 9. O-O f6 10. Nxe6 Qxe6 11. f4 exf4 12. Bxf4 O-O-O 13. Qe2 Kb7 14. e5
Ne7 15. Ne4 Nc6 16. exf6 gxf6 17. Kh1 Nd4 18. Qf2 Qc6 19. Rae1 Rg8 20. c3 Ne6
21. Bg3 Rxd3 22. Qe2 c4 23. Rxf6 Rg6 24. Rxg6 hxg6 25. Nf2 Nc5 26. Nxd3 cxd3
27. Qe3 Qd5 28. Rd1 Qxa2 29. Qf3+ 1-0

[Event "Quebec op"]
[Site "Montreal CAN"]
[Date "2023.08.02"]
[Round "6.5"]
[White "Zheng, Richard"]
[Black "Dukic, Zachary"]
[Result "1/2-1/2"]
[WhiteElo "2214"]
[BlackElo "2196"]
[PlyCount "112"]
[EventDate "2023.07.29"]
[EventType "swiss"]
[EventRounds "9"]
[EventCountry "CAN"]

1. d4 e6 2. c4 Nf6 3. Nf3 d5 4. cxd5 exd5 5. Nc3 c6 6. Qc2 g6 7. Bg5 Be7 8. e3
Bf5 9. Bd3 Bxd3 10. Qxd3 O-O 11. Bxf6 Bxf6 12. O-O Nd7 13. Rfc1 Be7 14. Na4 Re8
15. a3 a5 16. Qb1 Bd6 17. g3 Qe7 18. Qc2 h5 19. Kg2 Kg7 20. Nc3 f5 21. Rf1 Nf6
22. h4 Ng4 23. Rae1 Qf6 24. Qd3 Re7 25. Ne2 Rae8 26. Nf4 Bc7 27. Qb3 Qd6 28.
Re2 Qd8 29. Ng5 Qa8 30. Qd3 Bd6 31. Rfe1 Nf6 32. f3 Qb8 33. Qc3 Qc7 34. Kf2 Kh6
35. b4 axb4 36. axb4 Qb6 37. Nd3 Qc7 38. Nf4 Qb6 39. Nd3 Qc7 40. Nf4 Ra8 41.
Rb1 Qd7 42. Reb2 Bxf4 43. gxf4 Ne8 44. b5 Nd6 45. bxc6 bxc6 46. Rb8 Re8 47.
Rxe8 Rxe8 48. Qc5 Nc4 49. Ra1 Re7 50. Ra6 Nxe3 51. Rxc6 Qb7 52. Kg3 Nf1+ 53.
Kh3 Re2 54. Qf8+ Qg7 55. Nf7+ Kh7 56. Ng5+ Kh6 1/2-1/2

[Event "Quebec op"]
[Site "Montreal CAN"]
[Date "2023.08.02"]
[Round "6.6"]
[White "Perez Rodriguez, Luis Manuel"]
[Black "Malakhovets, Sergey"]
[Result "1-0"]
[WhiteElo "2328"]
[BlackElo "1966"]
[PlyCount "61"]
[EventDate "2023.07.29"]
[EventType "swiss"]
[EventRounds "9"]
[EventCountry "CAN"]

1. e4 c6 2. d4 d5 3. exd5 cxd5 4. c4 Nf6 5. Nc3 Nc6 6. Nf3 a6 7. Ne5 e6 8. Be2
Bd6 9. Nxc6 bxc6 10. O-O Qc7 11. g3 dxc4 12. Bg5 Bb7 13. Bxc4 Nd5 14. Rc1 Nxc3
15. Rxc3 Qa5 16. Bd2 O-O 17. Qc2 Qh5 18. Bd3 Bb4 19. Rc4 Bxd2 20. Qxd2 f5 21.
Qf4 g5 22. Qe5 Rae8 23. Rc5 h6 24. Bc4 Qg6 25. Re1 Rf6 26. Qc7 Rf7 27. Qd6 Rf6
28. Rce5 f4 29. Rxe6 Rfxe6 30. Rxe6 Rxe6 31. Bxe6+ 1-0

[Event "Quebec op"]
[Site "Montreal CAN"]
[Date "2023.08.02"]
[Round "6.8"]
[White "Batorshyn, Ilia"]
[Black "Di Matteo, Alessio"]
[Result "1/2-1/2"]
[WhiteElo "2014"]
[BlackElo "1677"]
[PlyCount "137"]
[EventDate "2023.07.29"]
[EventType "swiss"]
[EventRounds "9"]
[EventCountry "CAN"]

1. d4 Nf6 2. c4 e6 3. g3 d5 4. Bg2 Be7 5. Nf3 O-O 6. O-O c6 7. Qc2 Nbd7 8. b3
Ne4 9. Nfd2 f5 10. Nxe4 fxe4 11. Nc3 Nf6 12. Bb2 Bd7 13. Rad1 Bd6 14. e3 Qe7
15. Ne2 Be8 16. Rde1 Bh5 17. Nf4 Bf3 18. c5 Bc7 19. h4 Bxf4 20. exf4 Bxg2 21.
Kxg2 Qf7 22. Qe2 Qg6 23. Bc1 Rf7 24. Rh1 Nh5 25. Kh3 Raf8 26. Qg4 Qxg4+ 27.
Kxg4 Nf6+ 28. Kh3 h5 29. Kg2 g6 30. b4 a6 31. a4 Ra8 32. Bd2 Re7 33. Ra1 Kf7
34. Rhb1 Ree8 35. Ra2 Ke7 36. Rab2 Kd7 37. b5 axb5 38. axb5 Rec8 39. bxc6+ bxc6
40. Rb7+ Rc7 41. f5 gxf5 42. Bf4 Rxb7 43. Rxb7+ Ke8 44. Rc7 Ra2 45. Rxc6 Ng4
46. Rxe6+ Kf7 47. Rb6 Rxf2+ 48. Kg1 Rc2 49. Rb7+ Ke8 50. Bg5 e3 51. Re7+ Kf8
52. Rxe3 Nxe3 53. Bxe3 Ke8 54. Bf4 Kd7 55. Kf1 Kc6 56. Ke1 Kb5 57. Be5 Ka4 58.
Kd1 Kb3 59. Ke1 Kc4 60. Kf1 Kb3 61. Ke1 Kc4 62. c6 Kd3 63. c7 Ke3 64. Kf1 Kf3
65. Ke1 Ke3 66. Kd1 Kd3 67. Ke1 Rc4 68. Kf2 Ke4 69. Ke2 1/2-1/2

[Event "Quebec op"]
[Site "Montreal CAN"]
[Date "2023.08.02"]
[Round "6.10"]
[White "Saha, Ananda"]
[Black "Bouchard, Jean-Marc"]
[Result "1-0"]
[WhiteElo "1984"]
[BlackElo "1850"]
[PlyCount "47"]
[EventDate "2023.07.29"]
[EventType "swiss"]
[EventRounds "9"]
[EventCountry "CAN"]

1. d4 e6 2. c4 d5 3. Nc3 f5 4. Bf4 c6 5. e3 Nf6 6. Nf3 Bd6 7. Bd3 Qe7 8. Qc2
Ne4 9. c5 Bc7 10. b4 Nxc3 11. Qxc3 a6 12. O-O O-O 13. a4 Qd8 14. b5 axb5 15.
axb5 Rxa1 16. Rxa1 Nd7 17. bxc6 bxc6 18. Ra7 Bb8 19. Bxb8 Nxb8 20. Ne5 Bd7 21.
Qb2 Qc8 22. Ra8 Qc7 23. Qb6 Qxb6 24. cxb6 1-0

[Event "Quebec op"]
[Site "Montreal CAN"]
[Date "2023.08.02"]
[Round "6.11"]
[White "Chang, Alexander"]
[Black "Avarian, Aram Sevag"]
[Result "1-0"]
[WhiteElo "1704"]
[BlackElo "1842"]
[PlyCount "73"]
[EventDate "2023.07.29"]
[EventType "swiss"]
[EventRounds "9"]
[EventCountry "CAN"]

1. e4 c5 2. Nc3 Nc6 3. Nge2 g6 4. g3 Bg7 5. Bg2 e6 6. d3 Nge7 7. Be3 Nd4 8. O-O
O-O 9. f4 d6 10. h3 Rb8 11. g4 f5 12. Ng3 b5 13. Qd2 b4 14. Nd1 Bb7 15. c3 bxc3
16. bxc3 Nb5 17. a4 Qa5 18. Qa2 Nc7 19. Bd2 Qa6 20. Qc2 Bc6 21. Ne3 Rb7 22.
Rfe1 Rfb8 23. Bf1 Rb2 24. Qd1 d5 25. exf5 Qa5 26. Ra3 e5 27. fxe5 Bxe5 28. Nxd5
Bd4+ 29. cxd4 Rxd2 30. Nxe7+ Kf8 31. Qc1 Bf3 32. Qc3 Qxc3 33. Rxc3 Re8 34. f6
Nd5 35. Rxc5 Rd1 36. Rxd1 Bxd1 37. Nc6 1-0

[Event "Quebec op"]
[Site "Montreal CAN"]
[Date "2023.08.02"]
[Round "6.12"]
[White "Gueorguiev, Valentin"]
[Black "Robichaud, Louis"]
[Result "1/2-1/2"]
[WhiteElo "1917"]
[BlackElo "2008"]
[Annotator ",hugh_brodie@hotmail."]
[PlyCount "81"]
[EventDate "2023.07.29"]
[EventType "swiss"]
[EventRounds "9"]
[EventCountry "CAN"]

1. d4 Nf6 2. Nc3 d5 3. Bf4 g6 4. e3 Bg7 5. Nf3 O-O 6. Be2 c5 7. O-O Nc6 8. h3
Ne4 9. Na4 Re8 10. c3 cxd4 11. cxd4 b6 12. Rc1 Bb7 13. Bb5 Rc8 14. Ne5 Bxe5 15.
Bxe5 a6 16. Bxc6 Bxc6 17. Nc3 Nxc3 18. Rxc3 Bb5 19. Rxc8 Qxc8 20. Re1 Qc4 21.
b3 Qc3 22. Bf4 Bd3 23. Qc1 Rc8 24. Qxc3 Rxc3 25. Rd1 f6 26. Bb8 Kf7 27. Ba7 b5
28. Bc5 Be4 29. Ra1 e5 30. Bb4 Rc2 31. a4 Bd3 32. axb5 Bxb5 33. Bc5 Ke6 34. b4
e4 35. Re1 Be2 36. Ra1 g5 37. Kh2 h5 38. Kg1 f5 39. Kh2 f4 40. Kg1 Bb5 41. Re1
{Unreadable/illisible. (62)} 1/2-1/2

[Event "Quebec op"]
[Site "Montreal CAN"]
[Date "2023.08.02"]
[Round "6.13"]
[White "Lin, Leo"]
[Black "Mok, Yuen Tak"]
[Result "1-0"]
[WhiteElo "2050"]
[BlackElo "1841"]
[PlyCount "137"]
[EventDate "2023.07.29"]
[EventType "swiss"]
[EventRounds "9"]
[EventCountry "CAN"]

1. e4 c6 2. Nf3 d5 3. exd5 cxd5 4. Ne5 Nc6 5. d4 a6 6. c4 e6 7. Nc3 Nge7 8. Be3
Nxe5 9. dxe5 Qc7 10. cxd5 Qxe5 11. Qa4+ Bd7 12. Bb5 Rd8 13. Bxd7+ Rxd7 14. dxe6
Qxe6 15. O-O Qc6 16. Qb3 Nf5 17. Na4 Qe6 18. Qc3 Qf6 19. Qxf6 gxf6 20. Rfe1 Be7
21. Nb6 Rd6 22. Rac1 O-O 23. Bc5 Rc6 24. Bxe7 Nxe7 25. Rxc6 Nxc6 26. Nd7 Rd8
27. Nxf6+ Kg7 28. Ne4 f5 29. Nc3 Rd2 30. Re2 Rd6 31. f4 Nd4 32. Re7+ Kg6 33.
Rxb7 Ne6 34. g3 Nc5 35. Re7 Nd3 36. Re2 Rc6 37. Rd2 Nc5 38. Kg2 Rb6 39. Nd5 Re6
40. b4 Ne4 41. Rc2 Rd6 42. Rc6 Rxc6 43. Ne7+ Kf6 44. Nxc6 Nc3 45. a3 Nb1 46. a4
Nc3 47. a5 Nd5 48. Kf3 Ke6 49. Nd4+ Kd6 50. Nxf5+ Kc7 51. Ke4 Nxb4 52. Nd4 Kd6
53. g4 Nd5 54. g5 Nc3+ 55. Kd3 Nd5 56. Ke4 Nc3+ 57. Kf3 Kd5 58. Nb3 Nb5 59. h4
Nd6 60. Kg4 Kc4 61. Nd2+ Kb5 62. h5 Kxa5 63. g6 hxg6 64. hxg6 Ne8 65. Kg5 Kb4
66. f5 Kc3 67. f6 Kxd2 68. g7 Nxf6 69. Kxf6 1-0

[Event "Quebec op"]
[Site "Montreal CAN"]
[Date "2023.08.02"]
[Round "6.14"]
[White "Luksza, Arkadiusz"]
[Black "Deboosere, Adam"]
[Result "0-1"]
[WhiteElo "1991"]
[BlackElo "1745"]
[PlyCount "90"]
[EventDate "2023.07.29"]
[EventType "swiss"]
[EventRounds "9"]
[EventCountry "CAN"]

1. d4 Nf6 2. g3 c5 3. d5 e6 4. c4 exd5 5. cxd5 b5 6. Bg2 d6 7. a4 b4 8. b3 g6
9. Bb2 Bg7 10. Nd2 O-O 11. Nc4 Bb7 12. Nh3 Re8 13. O-O Ne4 14. Bxg7 Kxg7 15.
Qd3 Nc3 16. e4 Ba6 17. f4 Nd7 18. Rae1 f6 19. g4 h6 20. Qg3 Bxc4 21. bxc4 Qe7
22. g5 Rab8 23. gxf6+ Nxf6 24. e5 Nh5 25. Qg4 Qf7 26. Bf3 b3 27. e6 Qf6 28. f5
b2 29. Be4 Kh8 30. Bb1 Nxb1 31. Rxb1 Rg8 32. Kh1 Rb3 33. Ng1 Rf8 34. Ne2 Ng7
35. Ng3 Nxf5 36. Nxf5 gxf5 37. Qd1 Rb4 38. Qe2 f4 39. Rf3 Rg8 40. Rf2 Qg6 41.
Rff1 Kh7 42. e7 Rb3 43. e8=Q Rxe8 44. Qg2 Qxg2+ 45. Kxg2 Re2+ 0-1

[Event "Quebec op"]
[Site "Montreal CAN"]
[Date "2023.08.02"]
[Round "6.15"]
[White "Jiang, Barron Jiyu"]
[Black "Gingras, Philippe"]
[Result "1-0"]
[WhiteElo "1764"]
[BlackElo "1961"]
[PlyCount "51"]
[EventDate "2023.07.29"]
[EventType "swiss"]
[EventRounds "9"]
[EventCountry "CAN"]

1. e4 c5 2. Nf3 Nc6 3. d4 cxd4 4. Nxd4 Nf6 5. Nc3 e5 6. Ndb5 d6 7. Bg5 a6 8.
Na3 b5 9. Nd5 Be7 10. Bxf6 Bxf6 11. c3 Bg5 12. Nc2 O-O 13. a4 bxa4 14. Rxa4 a5
15. Bc4 Rb8 16. b3 Kh8 17. Nce3 g6 18. O-O f5 19. exf5 gxf5 20. f4 exf4 21. Nc2
Ne5 22. Nd4 Nxc4 23. Rxc4 Bf6 24. Nc6 Qd7 25. Nxf6 Rxf6 26. Qd4 1-0

[Event "Quebec op"]
[Site "Montreal CAN"]
[Date "2023.08.02"]
[Round "6.16"]
[White "Guillemette, Hugo"]
[Black "Berube, Maximilien"]
[Result "0-1"]
[WhiteElo "1955"]
[BlackElo "1655"]
[PlyCount "92"]
[EventDate "2023.07.29"]
[EventType "swiss"]
[EventRounds "9"]
[EventCountry "CAN"]

1. e4 c6 2. d4 d5 3. e5 Bf5 4. h4 h5 5. Bd3 Bxd3 6. Qxd3 Qa5+ 7. Nd2 e6 8. Ngf3
Nh6 9. O-O Nf5 10. c4 Be7 11. g3 O-O 12. b3 Rd8 13. Bb2 c5 14. Qe2 Nc6 15. cxd5
Rxd5 16. Nc4 Qa6 17. dxc5 Bxc5 18. Kh2 Rad8 19. Ng5 g6 20. Ne4 Be7 21. Nf6+
Bxf6 22. exf6 b5 23. Ne5 Nfd4 24. Bxd4 Nxd4 25. Qe3 Rxe5 26. Qh6 Nf5 27. Qf4
Qd6 28. a4 Rd5 29. Qg5 bxa4 30. Rxa4 Rd4 31. Rxd4 Qxd4 32. Kg2 Qg4 33. Qxg4
hxg4 34. Ra1 Rb8 35. Rxa7 Rxb3 36. Ra4 Nh6 37. Rf4 Rb5 38. f3 gxf3+ 39. Rxf3
Rf5 40. Ra3 Rxf6 41. Kh3 Rf1 42. Kg2 Rb1 43. Kh3 Kg7 44. Rf3 Nf5 45. Kg2 Rb2+
46. Kh3 Re2 0-1

[Event "Quebec op"]
[Site "Montreal CAN"]
[Date "2023.08.02"]
[Round "6.17"]
[White "Singher, Jean-Pierre"]
[Black "Enkh-Amar, Galbadrakh"]
[Result "0-1"]
[WhiteElo "1934"]
[BlackElo "2130"]
[PlyCount "138"]
[EventDate "2023.07.29"]
[EventType "swiss"]
[EventRounds "9"]
[EventCountry "CAN"]

1. d4 Nf6 2. Bf4 d6 3. Nc3 g6 4. e4 Bg7 5. Qd2 a6 6. h4 b5 7. a3 Nc6 8. d5 Ne5
9. Bxe5 dxe5 10. f3 h5 11. Rd1 Bh6 12. Qf2 Qd6 13. b4 O-O 14. Nge2 e6 15. dxe6
Qxe6 16. Nc1 Qc6 17. Qc5 Qxc5 18. bxc5 c6 19. Nd3 Re8 20. a4 Nd7 21. Ra1 Bb7
22. Ke2 Bf8 23. axb5 axb5 24. Rxa8 Bxa8 25. g3 Nxc5 26. Bh3 Nxd3 27. cxd3 b4
28. Na4 Bb7 29. Nb6 Ba6 30. Ra1 Bb5 31. Nd7 Kg7 32. Kd2 Bd6 33. Ra7 Re7 34. Ra8
c5 35. Nb6 Rb7 36. Nc4 Bxc4 37. dxc4 b3 38. Kc1 b2+ 39. Kb1 Rb3 40. Rd8 Be7 41.
Rd7 Kf8 42. Bg2 g5 43. Rd2 gxh4 44. gxh4 Rc3 45. Rc2 Rxc2 46. Kxc2 Bxh4 47.
Kxb2 Kg7 48. Kc2 Kh6 49. Kd2 Kg5 50. Ke3 Be1 51. f4+ exf4+ 52. Kf3 f5 53. e5
Bc3 54. e6 Bf6 55. Bh3 Be7 56. Kf2 Kf6 57. Kf3 Ke5 58. Bf1 Bd6 59. Be2 Kxe6 60.
Kg2 h4 61. Bf3 Ke5 62. Kf2 Kd4 63. Bd5 h3 64. Ke2 Be7 65. Kf3 Bg5 66. Kf2 Bh4+
67. Ke2 h2 68. Kd2 f3 69. Bxf3 Kxc4 0-1

[Event "Quebec op"]
[Site "Montreal CAN"]
[Date "2023.08.02"]
[Round "6.18"]
[White "Wang, Rachel"]
[Black "Turcotte, Jonathan"]
[Result "1-0"]
[WhiteElo "1675"]
[BlackElo "1921"]
[PlyCount "141"]
[EventDate "2023.07.29"]
[EventType "swiss"]
[EventRounds "9"]
[EventCountry "CAN"]

1. d4 Nf6 2. c4 e6 3. Nf3 d5 4. Bg5 c6 5. Nc3 Nbd7 6. e3 Qa5 7. Nd2 dxc4 8.
Bxf6 Nxf6 9. Nxc4 Qc7 10. g3 Be7 11. Bg2 O-O 12. O-O Rd8 13. Qe2 Bd7 14. Rac1
Rac8 15. Nd2 Be8 16. Nce4 Nd7 17. Nb3 Qb8 18. Rfd1 b6 19. Qa6 c5 20. Nc3 cxd4
21. Nxd4 Nc5 22. Qe2 g6 23. b4 Na4 24. Nxa4 Bxa4 25. Rxc8 Qxc8 26. Rb1 Bf6 27.
Nb3 Qd7 28. Bf3 Qd3 29. Qxd3 Rxd3 30. Be4 Rc3 31. Rc1 Rxc1+ 32. Nxc1 Bc3 33.
Nb3 Bxb4 34. Nd4 Bc3 35. Nc6 a5 36. Ne7+ Kf8 37. Nc8 b5 38. Bc6 Bb4 39. Nb6 Bc2
40. Bxb5 Bb1 41. Bc4 Ke7 42. Bb3 Kd6 43. Nc4+ Kc7 44. Ne5 f6 45. Ng4 Bc3 46.
Bxe6 f5 47. Nh6 Kd6 48. Bb3 a4 49. Bxa4 Bxa2 50. Bc2 Be6 51. g4 fxg4 52. Bd1
Bg7 53. Nxg4 h5 54. h3 hxg4 55. hxg4 Bf7 56. f4 Kc5 57. Kf2 Kc4 58. Bc2 Kc3 59.
Bb1 Kd2 60. Kf3 Bf8 61. g5 Bc5 62. e4 Bc4 63. e5 Bd3 64. Bxd3 Kxd3 65. f5 gxf5
66. Kf4 Kd4 67. Kxf5 Kd5 68. g6 Bf8 69. Kf6 Bh6 70. e6 Kd6 71. Kf7 1-0

[Event "Quebec op"]
[Site "Montreal CAN"]
[Date "2023.08.03"]
[Round "7.1"]
[White "Bruzon Batista, Lazaro"]
[Black "Tanaka, Tyler"]
[Result "1-0"]
[WhiteElo "2609"]
[BlackElo "2297"]
[PlyCount "135"]
[EventDate "2023.07.29"]
[EventType "swiss"]
[EventRounds "9"]
[EventCountry "CAN"]

1. Nf3 Nf6 2. c4 e6 3. g3 d5 4. Bg2 Be7 5. O-O O-O 6. d4 dxc4 7. Qa4 a6 8. Qxc4
b5 9. Qc2 Bb7 10. Bd2 Be4 11. Qc1 Nc6 12. Be3 Na5 13. Nc3 Bc6 14. Rd1 Qc8 15.
Bg5 b4 16. Nb1 Qb7 17. Nbd2 Rad8 18. e3 h6 19. Bxf6 Bxf6 20. Qc5 Rd5 21. Qc2
Rd6 22. Ne1 Bxg2 23. Nxg2 Rc6 24. Qe4 Qb5 25. Nf3 Rc4 26. Nf4 b3 27. Nd2 Ra4
28. axb3 Rxa1 29. Rxa1 c5 30. Nh5 Nxb3 31. Nxb3 Qxb3 32. Qg4 Kh8 33. Nxf6 Qxb2
34. Ra5 gxf6 35. Rxc5 f5 36. Qf3 Qb1+ 37. Kg2 Kg7 38. h3 Rd8 39. g4 fxg4 40.
hxg4 Qg6 41. Kh3 Rb8 42. d5 exd5 43. Qxd5 Rb2 44. Rc6 Qb1 45. Kg2 Rb4 46. Qe5+
Kh7 47. Qf5+ Qxf5 48. gxf5 a5 49. f3 a4 50. Ra6 Rb3 51. e4 a3 52. Kg3 Kg7 53.
Ra7 h5 54. e5 Kf8 55. Kf4 h4 56. f6 Ke8 57. Ra8+ Kd7 58. Rf8 Rb4+ 59. Kf5 Ra4
60. Rxf7+ Kc6 61. e6 a2 62. e7 Ra8 63. e8=Q+ Rxe8 64. Ra7 Re1 65. Rxa2 Kd7 66.
f7 Ke7 67. Ra7+ Kf8 68. Kf6 1-0

[Event "Quebec op"]
[Site "Montreal CAN"]
[Date "2023.08.03"]
[Round "7.2"]
[White "Rozentalis, Eduardas"]
[Black "Sambuev, Bator"]
[Result "1/2-1/2"]
[WhiteElo "2496"]
[BlackElo "2457"]
[PlyCount "68"]
[EventDate "2023.07.29"]
[EventType "swiss"]
[EventRounds "9"]
[EventCountry "CAN"]

1. e4 e5 2. Nf3 Nc6 3. Nc3 Nf6 4. d4 exd4 5. Nxd4 Bb4 6. Nxc6 bxc6 7. Bd3 d5 8.
exd5 O-O 9. O-O Bg4 10. Be2 Bxe2 11. Nxe2 cxd5 12. Bg5 Re8 13. Ng3 Re6 14. Qd3
h6 15. Bxf6 Qxf6 16. c3 Bd6 17. Qxd5 Rae8 18. Qc4 Qg5 19. Rad1 g6 20. Rd5 Qe7
21. Rfd1 h5 22. b4 Qf6 23. R5d2 Re1+ 24. Nf1 R8e4 25. Qd3 Qe5 26. g3 h4 27. Kg2
Qe6 28. h3 hxg3 29. Rxe1 Rxe1 30. Nxg3 Bxg3 31. fxg3 Qc6+ 32. Qd5 Qxc3 33. Rf2
Re6 34. Qd7 Qc6+ 1/2-1/2

[Event "Quebec op"]
[Site "Montreal CAN"]
[Date "2023.08.03"]
[Round "7.6"]
[White "Dukic, Zachary"]
[Black "Chang, Alexander"]
[Result "1-0"]
[WhiteElo "2196"]
[BlackElo "1704"]
[PlyCount "85"]
[EventDate "2023.07.29"]
[EventType "swiss"]
[EventRounds "9"]
[EventCountry "CAN"]

1. e4 e5 2. Nf3 Nc6 3. Bb5 a6 4. Ba4 Nf6 5. O-O b5 6. Bb3 Be7 7. d4 Nxe4 8.
dxe5 Nc5 9. Bd5 O-O 10. Nc3 Bb7 11. Be3 Ne6 12. a4 b4 13. Ne4 Na5 14. Re1 Rb8
15. Bxb7 Nxb7 16. Qd5 Qc8 17. a5 d6 18. Qc4 dxe5 19. Nxe5 Nd6 20. Nxd6 Bxd6 21.
Nc6 Ra8 22. Nxb4 Qb7 23. Nd3 Rae8 24. b4 Rb8 25. c3 Rfc8 26. Bc5 Qc6 27. Rxe6
fxe6 28. Qxe6+ Kh8 29. Ne5 Qe8 30. Nf7+ Kg8 31. Qxe8+ Rxe8 32. Nxd6 cxd6 33.
Bxd6 Rbc8 34. Bc5 Re2 35. g3 Rc2 36. Bd4 g5 37. Re1 Kf7 38. Re5 Rg8 39. Kg2 g4
40. h3 gxh3+ 41. Kxh3 Rg6 42. Kg2 Rd6 43. Kf3 1-0

[Event "Quebec op"]
[Site "Montreal CAN"]
[Date "2023.08.03"]
[Round "7.7"]
[White "Zhang, Chu Hang"]
[Black "Batorshyn, Ilia"]
[Result "1/2-1/2"]
[WhiteElo "1953"]
[BlackElo "2014"]
[PlyCount "92"]
[EventDate "2023.07.29"]
[EventType "swiss"]
[EventRounds "9"]
[EventCountry "CAN"]

1. f4 d5 2. Nf3 Nf6 3. g3 c5 4. Bg2 Nc6 5. O-O Qc7 6. d3 e6 7. Re1 d4 8. e4
dxe3 9. Bxe3 Be7 10. h3 O-O 11. Nbd2 b6 12. Ne4 Bb7 13. c3 Rad8 14. Qc2 Nd5 15.
Bf2 Rfe8 16. Rad1 h6 17. d4 cxd4 18. Nxd4 Nf6 19. Rd2 Nxd4 20. Bxd4 Bxe4 21.
Bxe4 Bc5 22. Bxc5 Qxc5+ 23. Kh2 h5 24. Bg2 Qc7 25. h4 Ng4+ 26. Kh1 Rxd2 27.
Qxd2 Rd8 28. Qe2 Rd3 29. Bf3 Qd6 30. Bxg4 hxg4 31. Qxg4 Qd5+ 32. Kh2 Qxa2 33.
Re2 Qd5 34. Qh3 Kf8 35. Qg2 Qxg2+ 36. Kxg2 Rd1 37. Kf3 Ke7 38. Kg4 Kf6 39. Re4
Rd2 40. Ra4 Rxb2 41. Rxa7 Kg6 42. h5+ Kf6 43. Rb7 Rb3 44. c4 Rb4 45. Kh4 Rxc4
46. Rxb6 Ra4 1/2-1/2

[Event "Quebec op"]
[Site "Montreal CAN"]
[Date "2023.08.03"]
[Round "7.8"]
[White "Di Matteo, Alessio"]
[Black "Saha, Ananda"]
[Result "0-1"]
[WhiteElo "1677"]
[BlackElo "1984"]
[PlyCount "88"]
[EventDate "2023.07.29"]
[EventType "swiss"]
[EventRounds "9"]
[EventCountry "CAN"]

1. d4 d5 2. c4 e6 3. Nc3 Nf6 4. cxd5 exd5 5. Bg5 c6 6. e3 h6 7. Bh4 Be7 8. Bd3
O-O 9. Qc2 Re8 10. Nge2 Nbd7 11. O-O a5 12. Rae1 b5 13. f3 Ba6 14. Nc1 Qb6 15.
Kh1 a4 16. a3 Rad8 17. Rd1 Nf8 18. Rfe1 Ne6 19. Bf5 Bc8 20. g4 Ng5 21. Bxg5
hxg5 22. Bxc8 Rxc8 23. Nd3 Bd6 24. Qg2 Bb8 25. Kg1 g6 26. Kf2 Kg7 27. Ne2 Re7
28. Nc5 Rce8 29. Ng3 Bd6 30. Rc1 Rxe3 31. Rxe3 Rxe3 32. Kxe3 Bf4+ 33. Kd3 Bxc1
34. Qe2 Qc7 35. Kc2 Bf4 36. Nf1 Nd7 37. Nd3 Nb6 38. h3 Nc4 39. Nb4 Bd6 40. Nd3
Qd8 41. Kb1 Qf6 42. Qf2 Bc7 43. Ne3 Qxf3 44. Nxc4 Qxd3+ 0-1

[Event "Quebec op"]
[Site "Montreal CAN"]
[Date "2023.08.03"]
[Round "7.10"]
[White "Berube, Maximilien"]
[Black "Lin, Leo"]
[Result "1/2-1/2"]
[WhiteElo "1655"]
[BlackElo "2050"]
[PlyCount "119"]
[EventDate "2023.07.29"]
[EventType "swiss"]
[EventRounds "9"]
[EventCountry "CAN"]

1. d4 Nf6 2. c4 g6 3. Nc3 d5 4. cxd5 Nxd5 5. e4 Nxc3 6. bxc3 Bg7 7. Bc4 c5 8.
Ne2 Nc6 9. Be3 O-O 10. h4 h5 11. O-O Na5 12. Bd3 cxd4 13. cxd4 Be6 14. Qa4 a6
15. Nf4 b5 16. Nxe6 bxa4 17. Nxd8 Raxd8 18. Bxa6 Bxd4 19. Rae1 Bxe3 20. Rxe3
Rd4 21. Rc1 Rb8 22. Rc5 Nb3 23. Rb5 Rxb5 24. Bxb5 Nc5 25. f3 Rb4 26. Bc6 Rb6
27. Bd5 e6 28. Bc4 Rb4 29. Rc3 Rb2 30. Bf1 Nd7 31. Bc4 Nb6 32. a3 Kf8 33. g3
Ke7 34. e5 Kd7 35. Kf1 Nd5 36. Bxd5 exd5 37. Ke1 Ke6 38. f4 Rb3 39. Rc6+ Kf5
40. Rf6+ Ke4 41. Rxf7 Ke3 42. Kf1 d4 43. e6 Kf3 44. Ke1 Re3+ 45. Kd2 Rxe6 46.
f5 Rd6 47. fxg6+ Kxg3 48. g7 Rg6 49. Kd3 Kxh4 50. Kxd4 Kg5 51. Ke3 Kh6 52. Ra7
Rxg7 53. Rxa4 Rf7 54. Rf4 Rb7 55. Kf2 Rb2+ 56. Kg1 Ra2 57. a4 Kg5 58. Rb4 h4
59. Kh1 h3 60. Rc4 1/2-1/2